000 00554nam a2200181Ia 4500
003 GCL
008 140319s9999 xx 000 0 ara d
040 _aGCL /
_cGCL
082 0 4 _a323.11
_bس ت
100 1 _aسعدالدين ابراهيم
245 1 0 _aتاملات فى مسألة الاقليات /
_cسعدالدين ابراهيم
260 _a[S.N] :
_bمركز ابن خلدون للدراسات الانمائية
300 _a250 ص
490 _a
650 0 4 _aالوطن العربى
650 0 4 _aالاقليات
942 _2ddc
_cBK
999 _c43985
_d43985